Estructura socioeconòmica de la comarca del Maresme / Antoni Ramon Riba, Joan Miquel Piqué Abadal
MARC
| LEADER | 00000nam a2200000Ia 4500 | ||
|---|---|---|---|
| 001 | 15282 | ||
| 008 | 160829s2003 xx 000 0 cat d | ||
| 020 | |a 84-88068-73-5 | ||
| 080 | |a M-4-296 | ||
| 100 | |a Ramon Riba, Antoni |9 28809 | ||
| 245 | |a Estructura socioeconòmica de la comarca del Maresme / Antoni Ramon Riba, Joan Miquel Piqué Abadal | ||
| 260 | |a [Barcelona] : |b Diputació de Barcelona, Xarxa de Municipis : |b Àrea Metropolitana de Barcelona, Mancomunitat de Municipis, |c 2003 | ||
| 300 | |a 136 p. : |b il. taules, gràf. ; |c 30 cm | ||
| 490 | |a Monografies / Institut d'Estudis Regionals i Metropolitans de Barcelona ; 3 | ||
| 590 | |a Monografia patrocinada per: Consell Comarcal del Maresme. | ||
| 590 | |a A la portada: Institut d'Estudis Regionals i Metropolitans de Barcelona. | ||
| 590 | |a Informe fet a partir de l'Enquesta de la regió de Barcelona 2000, condicions de vida i hàbits de la població. | ||
| 590 | |a Índex | ||
| 650 | 0 | |a Maresme |x Condicions econòmiques |9 28811 | |
| 651 | 0 | |a Maresme (Catalunya) |x Condicions socials |9 54162 | |
| 700 | |a Piqué i Abadal, Joan Miquel |9 36421 | ||
| 710 | |a Institut d'Estudis Regionals i Metropolitans de Barcelona |9 17648 | ||
| 710 | 2 | |a Maresme (Catalunya). |b Consell Comarcal |9 51582 | |
| 710 | 2 | |a Mancomunitat de Municipis de l'Àrea Metropolitana de Barcelona |9 6256 | |
| 901 | |a Arxiu | ||
| 942 | |n 1 | ||
| 952 | |0 0 |1 0 |4 0 |6 M4296 |7 1 |9 44945 |a Arxiu |b Arxiu |d 2016-12-01 |l 0 |o M-4-296 |p 15282 |r 2016-12-01 00:00:00 |w 2016-12-01 |y ARXIU | ||
| 999 | |c 47544 |d 47544 | ||